| 000 | 01058nam a22002537a 4500 | ||
|---|---|---|---|
| 005 | 20240530110349.0 | ||
| 008 | 141214s2006 ua f b 000 0 ara d | ||
| 017 |
_a14156/2005 _bمصر . دار الكتب المصرية |
||
| 020 | _a9772582201 | ||
| 040 | _aEG-CaGPL | ||
| 041 | 0 | _aara | |
| 082 | 0 | 4 |
_221 _a962 _bق/س م |
| 100 | 0 | _aسيد احمد على عثمان العقيد | |
| 245 | 1 | 0 |
_aمصر والقرن الافريقى : _bفى القرن التاسع عشر الميلادى / _cتاليف سيد احمد على عثمان العقيد |
| 250 | _aط 1 | ||
| 260 |
_aالقاهرة : _bالدار العربية للنشر والتوزيع ، _c2006 |
||
| 300 |
_a137 ص ؛ _c24 سم |
||
| 504 | _aببليوجرافية : ص 135 - 137 | ||
| 651 | 0 | 4 |
_aمصر _xتاريخ _yعصر محمد على |
| 651 | 0 | 4 |
_aمصر _xالعلاقات الخارجية _zشرق افريقيا |
| 651 | 0 | 4 |
_aمصر _xالعلاقات الخارجية _yعصر محمد على |
| 942 |
_2ddc _cBK |
||
| 999 |
_c60027 _d60027 |
||